Statistiken für Die sieben Todsünden

Klicken Sie hier um das Quiz zu spielen!

Allgemein

  • Dieses Quiz wurde 1,391 mal gespielt
  • Das Durchschnittsergebnis liegt bei 4 aus 7

Antwortstatistiken

Todsünde % Korrekt
Neid
79%
Völlerei
60%
Geiz
58%
Wollust
53%
Faulheit
44%
Jähzorn
41%
Hochmut
41%

Verteilung der Resultate

Perzentil nach korrekt beantworteten Fragen

Anzahl Personen mit jedem Resultat

Ihre Resultats-Entwicklung

Sie haben dieses Quiz noch nicht gespielt